| 000 | 01009cam a2200277 a 4500 | ||
|---|---|---|---|
| 001 | 000010900 | ||
| 005 | 20200929162320.0 | ||
| 008 | 970514s1996 ck a 001 0aspa | ||
| 020 | _a9586122484 | ||
| 035 | _a(DLC) 97151231 | ||
| 035 | _a(BoCbEI)ei 960071248 | ||
| 040 |
_aDO-SdBNP _cDLC _dBNPHU |
||
| 050 | 0 | 0 |
_aGR133.C73 _bB536 1996 |
| 082 |
_a398/.353/09861 _b21 _bM977m |
||
| 100 | 1 |
_aMurillo, Desiderio, _d1920- _926281 |
|
| 245 | 1 | 3 |
_aMe gusta el bosque : _bvivencias de un curandero / _cDesiderio Murillo ; compilador, Jorge Enrique Ruiz. |
| 260 |
_aSantafé de Bogota, (Colombia) : _bColcultura : _bTercer Mundo, _c1996. |
||
| 300 |
_axii, 37 p. : _bil. ; _c21 cm. |
||
| 586 | _aPremios nacionales de cultura, 1995 | ||
| 650 | 0 |
_aTraditional medicine _zColombia. _926282 |
|
| 600 | 1 | 0 |
_aMurillo, Desiderio, _d1920- _926281 |
| 650 | 0 |
_aHealers, black _zColombia _xBiography. _926283 |
|
| 700 | 1 |
_aRuiz, Jorge Enrique, _d1961- _ccomp. _926284 |
|
| 910 | _aCatalogación por copia / LC | ||
| 049 | _aBNGR | ||
| 999 |
_c10639 _d10639 |
||